Fraktionen im Deutschen Bundestag - Sudden Death - Statistiken

Allgemein
  • Dieses Quiz wurde 14.365 mal gespielt
    14.003 seit der letzten Aktualisierung
  • Das Durchschnittsergebnis liegt bei 4 aus 15
Answers on the Grid
Answers color-coded by a green-red scale on the quiz's grid according to % correct below.
Union (CDU/CSU)
SPD
Die Grünen
PDS
Die Linke
AfD
Bündnis 90 / Die Grünen
Bündnis 90
Deutsche Partei (DP)
KPD
FDP
Wirtschaftliche Aufbau Partei (WAV)
Deutsche Zentrumspartei (DZP)
Bayernpartei (BP)
Gesamtdeutscher Block (GB/BHE)
Gesamtdeutsche Partei (GDP)
CDU
SSW
DKP
Deutsche Soziale Union (DSU)
Die Republikaner
Freie Wähler
SED
Volt
BSW
Werteunion (WU)
DIE FRAUEN
DIE SONSTIGEN
DIE PARTEI
ÖDP
 
Antwortstatistiken
Antwort % Korrekt
Es tut echt jedesmal weh, dieses Feld als richtige Antwort anzuklicken. AfD
51%
SPD
50%
vertreten seit 2009. Aufgelöst 2023. In 2024 Übertritte zum BSW welches aber nicht als Fraktion in den Bundestag gewählt wurde. Daher ist BSW eine falsche Antwort im Sinne dieses Quizzes Die Linke
45%
FDP
43%
vertreten seit 1994 Bündnis 90 / Die Grünen
41%
CDU und CSU sind seit 1949 nur als UNIONSfraktion im Bundestag vertreten. Daher gab es keine eigene CDU-Fraktion oder CSU-Fraktion. Union (CDU/CSU)
41%
vertreten von 1983-1990 Die Grünen
35%
vertreten im 12. Bundestag (1990-1994) Bündnis 90
25%
vertreten von 1990-2009 PDS
9%
vertreten im 1. Bundestag bis 1953 KPD
7%
vertreten im 2. Bundestag (1953-1957) Deutsche Zentrumspartei (DZP)
5%
vertreten im 1. Bundestag bis 1953 Bayernpartei (BP)
4%
vertreten im 1. und 2. Bundestag Deutsche Partei (DP)
4%
vertreten im 1. Bundestag bis 1953 Gesamtdeutscher Block (GB/BHE)
2%
vertreten im 1. Bundestag bis 1953 Wirtschaftliche Aufbau Partei (WAV)
1%
Keine übereinstimmenden Quizze gefunden
Verteilung der Resultate
Anzahl Personen mit jedem Resultat
Perzentil nach korrekt beantworteten Fragen
Ihre Resultats-Entwicklung
Sie haben dieses Quiz seit der letzten Aktualisierung nicht gespielt